La Belluerna (Record no. 85851)

MARC details
000 -LEADER
campo de control de longitud fija 01494nam a22002057a 4500
001 - NÚMERO DE CONTROL
campo de control 85851
005 - FECHA Y HORA DE LA ÚLTIMA TRANSACCIÓN
campo de control 20260429154834.0
008 - DATOS DE LONGITUD FIJA--INFORMACIÓN GENERAL
campo de control de longitud fija 260429s2025 sp ||||| |||| 00| 0 spa d
017 ## - NÚMERO DE COPYRIGHT O DE DEPÓSITO LEGAL
Número de copyright o de depósito legal A 436-2020
022 ## - NÚMERO INTERNACIONAL NORMALIZADO PARA PUBLICACIONES SERIADAS
Fuente ISSN
Número Internacional Normalizado para Publicaciones Seriadas 2660-5899
040 ## - FUENTE DE CATALOGACIÓN
Centro catalogador/agencia de origen M-RABA
Lengua de catalogación spa
Centro/agencia transcriptor M-RABA
245 03 - MENCIÓN DEL TÍTULO
Título La Belluerna
Resto del título : Revista de l'Associació Cultural Amics de Teulada. II època - nùm. 16 - Teulada, Tardor 2025
260 ## - PUBLICACIÓN, DISTRIBUCIÓN, ETC.
Lugar de publicación, distribución, etc. Teulada
Nombre del editor, distribuidor, etc. : Associació Cultural Amics de Teulada
-- : Ajuntament de Teulada-Regidoria de Cultura
Fecha de publicación, distribución, etc. , 2025
300 ## - DESCRIPCIÓN FÍSICA
Extensión 43 p.
Otras características físicas : il. col.
Dimensiones ; 30 cm
505 ## - NOTA DE CONTENIDO CON FORMATO
Nota de contenido con formato Contiene: El turisme / Joan Ivars. El pintor Vitòria i l'Àngel de l'Apocalipsi (II) / Tomás Merlos Sánchez. Miguel Noguera, una vida entregada a la mar / José Antonio Roca. Porigasses marines / Josep Ivars Crespo. Què penses quan penses en la mar / Mar Navarro Buigues. Dol de mar / Joan-Lluís Moreno Congost. Costums desapareguts / Vicent R. Vallés. Caciquisme en temps de la República / Juanjo Buigues Sapena. Una ment brillant i un cor compromés: Teresa Calatayud / Calara Vara Llobell. Colles musicales de ronda i ball a Teulada / Jaume Buigues i Villa. L'Acat es mou
546 ## - NOTA DE IDIOMA
Nota de lengua/lenguaje Textos en español y en valenciano.
852 ## - LOCALIZACIÓN
Número de control de estantería F-16120
856 ## - LOCALIZACIÓN Y ACCESO ELECTRÓNICOS
Identificador Uniforme de Recurso <a href="https://archivoybiblioteca.realacademiabellasartessanfernando.com/cgi-bin/koha/opac-retrieve-file.pl?id=e09f4aecdd2ec0b5075e8048dbfdae70">https://archivoybiblioteca.realacademiabellasartessanfernando.com/cgi-bin/koha/opac-retrieve-file.pl?id=e09f4aecdd2ec0b5075e8048dbfdae70</a>
Texto de enlace Artículo de Tomás Merlos Sánchez-El pintor Vitoria y el Ángel del Apocalipsis en español
942 ## - ELEMENTOS DE ENTRADA SECUNDARIOS (KOHA)
Tipo de ítem Koha Fondo moderno
Suprimir en OPAC No
Holdings
Estatus retirado Estado de pérdida Fuente de la clasificación o esquema de estantería Estado de daño No para préstamo Biblioteca de origen Biblioteca actual Ubicación en estantería Fecha de adquisición Fuente de adquisición Número de inventario Total de préstamos Signatura topográfica completa Código de barras Visto por última vez Precio de reemplazo Tipo de ítem Koha Nota pública
    Clasificación Decimal Dewey     Real Academia de la Bellas Artes de San Fernando Real Academia de la Bellas Artes de San Fernando Depósito 2 29/04/2026 D 48136   F-16120 1097149 29/04/2026 29/04/2026 Fondo moderno Donación de Tomás Merlos Sánchez

Powered by Koha